Tự học quấn quạt và động cơ điện. Tập 1

Αποθηκεύτηκε σε:
Λεπτομέρειες βιβλιογραφικής εγγραφής
Κύριος συγγραφέας: Đỗ Ngọc Long
Μορφή: Βιβλίο
Γλώσσα:Vietnamese
Έκδοση: Giao Thông Vận tải 1998
Θέματα:
Ετικέτες: Προσθήκη ετικέτας
Δεν υπάρχουν, Καταχωρήστε ετικέτα πρώτοι!
Thư viện lưu trữ: Mạng thư viện Đại học Đà Nẵng
LEADER 01005nam a2200313 a 4500
001 000002615
003 00848
005 20171229145311.0
008 171229s1998 vie
040 |a LSK 
041 0 |a VIE 
082 0 |a 621  |b ĐÔ-L 
100 1 |a Đỗ Ngọc Long 
245 0 0 |a Tự học quấn quạt và động cơ điện. Tập 1 
260 |b Giao Thông Vận tải  |c 1998 
300 |a 474 pages  |c 19 cm. 
653 |a Điện - Động cơ điện 
852 |a Phòng Đọc - Phòng Mượn 
901 |a 53 
927 |a Sách tham khảo 
OWN |a LSK 
AVA |a UDN50  |b LSK  |d 621 ĐÔ-L  |e check_holdings  |t Error 5003 Not defined in file expand_doc_bib_avail.  |h N  |k 1 
999 |a From the UDN01 
AVA |a UDN50  |b LSK  |d 621 ĐÔ-L  |e available  |t Error 5001 Not defined in file expand_doc_bib_avail.  |f 53  |g 0  |h N  |i 0  |k 1 
TYP |a Monograph 
TYP |a Printed language 
980 |a Mạng thư viện Đại học Đà Nẵng